| 000 | 00618cam a22002173a 4500 | ||
|---|---|---|---|
| 001 | 41258 | ||
| 003 | PGUSA | ||
| 005 | 20140828083929.0 | ||
| 008 | 121102s2012||||xxu|||||s|||||000 | eng d | ||
| 040 |
_aPGUSA _beng |
||
| 042 | _adc | ||
| 100 | 1 | _aMarsden, Samuel | |
| 245 | 1 | 4 |
_aThe Life and Labours of the Rev. Samuel Marsden _h[electronic resource] / _cSamuel Marsden |
| 260 |
_bProject Gutenberg, _c2012 |
||
| 506 | _aPublic domain in the USA. | ||
| 516 | _aElectronic text | ||
| 700 | 1 | _aMarsden, J. B. | |
| 830 | 0 |
_aProject Gutenberg _v41258 |
|
| 856 | 4 | 0 | _uhttp://www.gutenberg.org/ebooks/41258 |
| 942 | _cEB | ||
| 999 |
_c270510 _d270510 |
||